|
|
|
|
| LEADER |
00000naa a2200000uu 4500 |
| 001 |
vtls011084366 |
| 003 |
SK-MaSNL |
| 005 |
20260302135201.0 |
| 008 |
210905|1995 xo |||||||||||||||||slo| |
| 015 |
|
|
|a SNBRA
|
| 035 |
|
|
|a (urnnbn)urn:nbn:sk:snk:ar-a0cl62
|
| 035 |
|
|
|a (uuid)324006cf-d29d-46f9-a56d-5e539f24feb2
|
| 035 |
|
|
|a urn:nbn:sk:snk-aavr2m
|
| 040 |
|
|
|a SNKBUCL
|b slo
|c SNKBUCL
|e AACR2
|
| 041 |
0 |
|
|a slo
|
| 044 |
|
|
|a xo
|c SK
|
| 100 |
1 |
|
|a Kratochvílová, Emília,
|d 1941-
|4 aut
|9 113266
|
| 245 |
1 |
0 |
|a SBORNÍK SPOLKU PROFESOROV SLOVÁKOV (1922-1941) - OBRAZ ŽIVOTA SLOVENSKÝCH STREDNÝCH ŠKÔL A ICH PROFESOROV
|c Emília KRATOCHVÍLOVÁ
|
| 773 |
0 |
|
|t Dejiny školstva v slovenskej pedagogickej časopiseckej tvorbe
|d Bratislava : Ústav informácií a prognóz školstva, mládeže a telovýchovy, 1995
|g S. 85-91
|z 8070980680
|
| 958 |
|
|
|a OND
|
| 958 |
|
|
|a article12
|
| 958 |
|
|
|a chapter
|
| 999 |
|
|
|c 1326427
|d 1328357
|